Novelas. (Record no. 88059)

MARC details
000 -LEADER
campo de control de longitud fija 01026nam a2200241 i 4500
001 - NÚMERO DE CONTROL
campo de control 88059
003 - IDENTIFICADOR DE NÚMERO DE CONTROL
campo de control ES-MaACL
005 - FECHA Y HORA DE LA ÚLTIMA TRANSACCIÓN
campo de control 20231218203529.0
007 - CAMPO FIJO DE DESCRIPCIÓN FÍSICA--INFORMACIÓN GENERAL
campo de control de longitud fija t|
008 - DATOS DE LONGITUD FIJA--INFORMACIÓN GENERAL
campo de control de longitud fija 050103s1957 sp co ||||1|dspa d
080 ## - NÚMERO DE LA CLASIFICACIÓN DECIMAL UNIVERSAL
Número de la Clasificación Decimal Universal 821.134.2-31"19"
100 1# - ENTRADA PRINCIPAL--NOMBRE DE PERSONA
Nombre de persona Laforet, Carmen,
Fechas asociadas al nombre 1921-2004
9 (RLIN) 69515
245 10 - MENCIÓN DEL TÍTULO
Título Novelas.
Número de parte o sección de la obra 1 /
Mención de responsabilidad, etc. Carmen Laforet.
250 ## - MENCION DE EDICION
Mención de edición 1ª ed.
260 ## - PUBLICACIÓN, DISTRIBUCIÓN, ETC.
Lugar de publicación, distribución, etc. Barcelona :
Nombre del editor, distribuidor, etc. Planeta,
Fecha de publicación, distribución, etc. 1957.
300 ## - DESCRIPCIÓN FÍSICA
Extensión 1 v. (1343 p.) :
Otras características físicas 1 retr. autora ;
Dimensiones 17 cm.
490 1# - MENCIÓN DE SERIE
Mención de serie Clásicos contemporáneos
500 ## - NOTA GENERAL
Nota general Índice.
505 8# - NOTA DE CONTENIDO CON FORMATO
Nota de contenido con formato Contiene: 1. Unas líneas de la autora (prólogo) ; Nada ; La muerta ; El veraneo ; La fotografía ; En la edad del pato ; Última noche ; Rosamunda ; Al colegio ; El regreso ; Un matrimonio ; El aguinaldo ; La isla y los demonios ; La llamada ; El último verano ; Un noviazgo ; El piano ; La niña ; Los emplazados ; El viaje divertido ; La mujer nueva
830 1# - PUNTO DE ACCESO ADICIONAL DE SERIE-TÍTULO UNIFORME
Título uniforme Clásicos contemporáneos
9 (RLIN) 184051
852 4# - LOCALIZACIÓN
Ubicación ES-MaACL
Número de control de estantería P-231
Nota libre - Enc. piel
Holdings
Estatus retirado Estado de pérdida Estado de daño No para préstamo Biblioteca de origen Biblioteca actual Ubicación en estantería Fecha de adquisición Fuente de adquisición Total de préstamos Signatura topográfica completa Código de barras Visto por última vez Precio de reemplazo Tipo de ítem Koha
        Biblioteca del Ateneo de Madrid Biblioteca del Ateneo de Madrid Depósito 2 17/01/2008     P-231 1091987 23/02/2023 23/02/2023 Libro impreso